Catálogo
 En Linea

La marina en la guerra de independencia dominicana / (Registro nro. 57381)

Detalles MARC
000 -CABECERA
campo de control de longitud fija 01849nam a2200361 i 4500
003 - IDENTIFICADOR DEL NÚMERO DE CONTROL
campo de control DO-SdBNP
005 - FECHA Y HORA DE LA ÚLTIMA TRANSACCIÓN
campo de control 20250219114256.0
006 - CÓDIGOS DE INFORMACIÓN DE LONGITUD FIJA--CARACTERÍSTICAS DEL MATERIAL ADICIONAL
campo de control de longitud fija a||||gr|||| 00| 0
007 - CAMPO FIJO DE DESCRIPCIÓN FÍSICA--INFORMACIÓN GENERAL
campo de control de longitud fija ta
008 - DATOS DE LONGITUD FIJA--INFORMACIÓN GENERAL
campo de control de longitud fija 240805e1992 dr aobc| |||| 00| e spa d
040 ## - FUENTE DE LA CATALOGACIÓN
Centro catalogador/agencia de origen DO-SdBNP
Lengua de catalogación spa
Centro/agencia transcriptor BNPHU
Normas de descripción rda
082 #4 - NÚMERO DE LA CLASIFICACIÓN DECIMAL DEWEY
Número de edición 22
Número de documento/Ítem D278
100 ## - ENTRADA PRINCIPAL--NOMBRE DE PERSONA
Nombre de persona De Windt Lavandier, César A.
Término indicativo de función/relación autor
9 (RLIN) 86225
245 10 - MENCIÓN DE TÍTULO
Título La marina en la guerra de independencia dominicana /
Mención de responsabilidad, etc. César A. De Windt lavandier, Víctor Francisco García Alecont, Albérico Ventura Domínguez; editado por Mario Guzmán Tejeda.
264 #1 - PRODUCCIÓN, PUBLICACIÓN, DISTRIBUCIÓN, FABRICACIÓN Y COPYRIGHT
Producción, publicación, distribución, fabricación y copyright Santo Domingo :
Nombre del de productor, editor, distribuidor, fabricante BANCREDITO,
Fecha de producción, publicación, distribución, fabricación o copyright 1992
300 ## - DESCRIPCIÓN FÍSICA
Extensión 80 páginas :
Otras características físicas ilustraciones, fotografías, mapas, retratos ;
Dimensiones 21 cm.
336 ## - TIPO DE CONTENIDO
Fuente rdacontent
Término de tipo de contenido texto
Código de tipo de contenido txt
337 ## - TIPO DE MEDIO
Fuente rdamedia
Nombre/término del tipo de medio sin mediación
Código del tipo de medio n
338 ## - TIPO DE SOPORTE
Fuente rdacarrier
Nombre/término del tipo de soporte volumen
Código del tipo de soporte nc
490 ## - MENCIÓN DE SERIE
Mención de serie Historia CENAPEC ;
Designación de volumen o secuencia 8
500 ## - NOTA GENERAL
Nota general Incluye Glosario de términos marinos.
504 ## - NOTA DE BIBLIOGRAFÍA, ETC.
Nota de bibliografía, etc. Bibliografía : página 80.
505 ## - NOTA DE CONTENIDO CON FORMATO
Nota de contenido con formato Capítulo I.
Título Antecedentes.--
Información miscelánea Capítulo II.
Título Los marinos dominicanos: Tiburones en acecho.--
Información miscelánea Capítulo III.
Título La gran Batalla Naval de Puerto Tortuguero.--
Información miscelánea Capítulo IV.
Título La Marina de Guerra en las campañas terrestres.--
Información miscelánea Capítulo V.
Título Contraofensiva marítima hacia Haití.--
Información miscelánea Capítulo VI.
Título La Infantería de Marina en Santome y Sabana larga.--
-- Biografías.
590 ## - NOTA LOCAL (RLIN)
Nota local Inventariado 2024 / MF
650 #4 - PUNTO DE ACCESO ADICIONAL DE MATERIA--TÉRMINO DE MATERIA
Término de materia o nombre geográfico como elemento de entrada Marina de Guerra
Subdivisión general Historia 1844-
Subdivisión geográfica República Dominicana
9 (RLIN) 16023
651 #4 - PUNTO DE ACCESO ADICIONAL DE MATERIA--NOMBRE GEOGRÁFICO
Nombre geográfico República Dominicana
Subdivisión general Historia
Subdivisión cronológica Marina de Guerra 1844-
9 (RLIN) 84016
700 1# - PUNTO DE ACCESO ADICIONAL--NOMBRE DE PERSONA
Nombre de persona García Alecont, Víctor Francisco,
9 (RLIN) 14304
Término indicativo de función/relación autor
700 1# - PUNTO DE ACCESO ADICIONAL--NOMBRE DE PERSONA
Nombre de persona Ventura Domínguez, Albérico,
Término indicativo de función/relación autor
9 (RLIN) 86226
700 1# - PUNTO DE ACCESO ADICIONAL--NOMBRE DE PERSONA
Nombre de persona Guzmán Tejeda, Mario,
Término indicativo de función/relación editor
9 (RLIN) 86227
710 2# - PUNTO DE ACCESO ADICIONAL--NOMBRE DE ENTIDAD CORPORATIVA
Nombre de entidad corporativa o nombre de jurisdicción como elemento de entrada Banco Nacional de Crédito
9 (RLIN) 38455
710 2# - PUNTO DE ACCESO ADICIONAL--NOMBRE DE ENTIDAD CORPORATIVA
Nombre de entidad corporativa o nombre de jurisdicción como elemento de entrada Centros APEC de Educación a Distancia (República Dominicana)
9 (RLIN) 23585
942 ## - ELEMENTOS DE PUNTO DE ACCESO ADICIONAL (KOHA)
Fuente del sistema de clasificación o colocación Dewey Decimal Classification
Tipo de ítem Koha Libro
Existencias
Estado de retiro Estado de pérdida Fuente del sistema de clasificación o colocación Restricciones de uso No para préstamo Código de colección Localización permanente Ubicación/localización actual Ubicación en estantería Fecha de adquisición Fuente de adquisición Total de préstamos Signatura topográfica completa Código de barras Fecha visto por última vez Precio válido a partir de Tipo de ítem Koha
    Dewey Decimal Classification Excluido de préstamo   Patrimonio Dominicano Biblioteca Nacional Pedro Henríquez Ureña Biblioteca Nacional Pedro Henríquez Ureña En catalogación 05.08.2023 Donado por Presidencia de la República Dominicana   D278 2024-4694 05.08.2024 05.08.2024 Libro

Con tecnología Koha